Scarlatto /

Saved in:
書目詳細資料
主要作者: De Paola, Lucia Piera (Author)
其他作者: Cucci, Giovanni (giallista) (Collaborator)
格式: 圖書
語言:意大利语
出版: Roma : Teke, 2009
叢編:Gazpacho
標簽: 添加標簽
沒有標簽, 成為第一個標記此記錄!

MARC

LEADER 00000nam a22000007i 4500
001 IT\ICCU\BCT\0049574
003 ItRI
005 20250731224449.0
008 180613s2009 it |||||| ||||| |||||c
020 |a 9788890393303 
040 |b ita  |c ct 
041 7 |a ita  |2 ISO-639-2 
100 1 |a De Paola, Lucia Piera  |0 IT\ICCU\RMLV\064426  |4 aut 
245 1 0 |a Scarlatto /  |c Lucia Piera De Paola ; con la collaborazione di Giovanni Cucci. 
260 |a Roma :  |b Teke,  |c 2009 
300 |a 187 p. ;  |c 19 cm 
700 1 |a Cucci, Giovanni  |c  (giallista)  |0 IT\ICCU\BCTV\012498  |4 clb 
830 0 |a Gazpacho  |0 IT\ICCU\BCT\0049575 
942 |2 ddc  |c BK 
952 |0 0  |1 0  |2 ddc  |4 0  |6 B_LNR02DEPLUSCA11  |7 0  |9 7762  |a MI  |b MI  |d 2012-12-19  |i 6527  |l 0  |o B-LNR02-DEPLU-SCA11  |p CDOM6527  |r 2025-07-13 16:28:46  |w 2025-07-13  |x DONO  |y BK 
981 1 |6 z01  |a i   |b xxxe  
982 1 |6 z01  |a n 
999 |c 6434  |d 6434